Quizzes
Events
Quiz Creation
Community
Videos
Private Events
Remove Ads
Sign In
Join for FREE
Feedback
Dark Mode
Quiz Categories
Sports
Geography
Music
Movies
Television
Just For Fun
Miscellaneous
History
Literature
Language
Science
Gaming
Entertainment
Religion
Holiday
For Kids
Quiz Lab
Recent
Popular Today
Quiz Kudos Today
Editor Picks
Curator Picks
Quizzes by...
Day
Popularity
Type
Ratings
Length
Year
Community
Subscriptions
Recent Discussions
Orange Saloon
Badges
Playlists
Quests
Create
Leaderboards
Showdown
Live 5
Trivia Bingo
Activity
Puzzle Library
Sporcle Events
Private Events
Virtual Trivia
Globe League
Become a Host
Pub Owners
SporcleCon
Opinionation
Our Games
Videos
Blog
Mobile Apps
Partnerships
Remove Ads and Go Orange
Feedback
Sports
Athletes
MLB
NBA
NHL
NFL
Soccer
Sports Teams
WWE
NCAA
Football
Premier League
Basketball
Baseball
Hockey
Golf
Tennis
Cricket
Rugby
Auto Racing
Olympics
World Cup
Sports
Athletes
MLB
NBA
NHL
NFL
Soccer
Sports Teams
WWE
NCAA
Football
Premier League
Basketball
Baseball
Hockey
Golf
Tennis
Cricket
Rugby
Auto Racing
Olympics
World Cup
Random Quiz
Search Sporcle
×
Quiz Lab
Quiz Lab
Sports
Baseball
Type in answers that appear in a list
Type in answers that appear in a list
Classic
Best Score? Go Orange.
Yankees Top 5 WAR Since 1995 Stats
Can you name the Yankees Top 5 War Since 1995?
By
lucray1997
10m
130 Questions
302 Plays
302 Plays
302 Plays
Comments
Comments
Give Quiz Kudos
Give Quiz Kudos
-
- Ratings
hide this ad
More Info
Replay
Link that replays current quiz
Next Quiz
Link to next quiz in quiz playlist
You Got
0%
They Got
Avg Score
85%
Avg Friend Score
Upgrade to see
Score Distribution
Jump to the score distribution portion of the page
Score
0/130
Timer
10:00
0
Plays Today
Year
Player
% Correct
2017
Aaron Judge
100%
2018
Aaron Judge
100%
2019
Aaron Judge
100%
2013
Robinson Cano
99.7%
2012
Robinson Cano
99.7%
2011
Robinson Cano
99.7%
2010
Robinson Cano
99.7%
2009
Derek Jeter
99.7%
2009
Robinson Cano
99.7%
2007
Robinson Cano
99.7%
2006
Derek Jeter
99.7%
2004
Derek Jeter
99.7%
2001
Derek Jeter
99.7%
2000
Derek Jeter
99.7%
1999
Derek Jeter
99.7%
1998
Derek Jeter
99.7%
1997
Derek Jeter
99.7%
2017
Brett Gardner
99.5%
2019
Brett Gardner
99.5%
2015
Alex Rodriguez
99.3%
2010
Alex Rodriguez
99.3%
2008
Alex Rodriguez
99.3%
2007
Alex Rodriguez
99.3%
2006
Alex Rodriguez
99.3%
2005
Alex Rodriguez
99.3%
2004
Alex Rodriguez
99.3%
2016
CC Sabathia
99%
2012
C.C. Sabathia
99%
2011
C.C. Sabathia
99%
2010
C.C. Sabathia
99%
2009
C.C. Sabathia
99%
2007
Jorge Posada
99%
2006
Jorge Posada
99%
2005
Jorge Posada
99%
2003
Jorge Posada
99%
2002
Jorge Posada
99%
2000
Jorge Posada
99%
2018
Giancarlo Stanton
98.9%
2008
Mariano Rivera
98.7%
2004
Mariano Rivera
98.7%
2001
Mariano Rivera
98.7%
1999
Mariano Rivera
98.7%
1996
Mariano Rivera
98.7%
2015
Mark Teixeira
98.3%
Year
Player
% Correct
2012
Mark Teixeira
98.3%
2009
Mark Teixeira
98.3%
2002
Bernie Williams
98.3%
2001
Bernie Williams
98.3%
2000
Bernie Williams
98.3%
1998
Bernie Williams
98.3%
1997
Bernie Williams
98.3%
1996
Bernie Williams
98.3%
1995
Bernie Williams
98.3%
2013
Andy Pettitte
97.7%
2000
Andy Pettitte
97.7%
1999
Andy Pettitte
97.7%
1997
Andy Pettitte
97.7%
1996
Andy Pettitte
97.7%
1995
Andy Pettitte
97.7%
2017
Didi Gregorius
97.3%
2018
Didi Gregorius
97.3%
2020
DJ Lemahieu
96.7%
2019
DJ Lemahieu
96.7%
2001
Roger Clemens
96.4%
2000
Roger Clemens
96.4%
2020
Luke Voit
96.1%
2005
Jason Giambi
95.7%
2003
Jason Giambi
95.7%
2002
Jason Giambi
95.7%
2020
Gerrit Cole
94.7%
2016
Brett Gardner
94.7%
2015
Brett Gardner
94.7%
2014
Brett Gardner
94.7%
2013
Brett Gardner
94.7%
2011
Brett Gardner
94.7%
2010
Brett Gardner
94.7%
2008
Mike Mussina
94.7%
2006
Mike Mussina
94.7%
2003
Mike Mussina
94.7%
2002
Mike Mussina
94.7%
2001
Mike Mussina
94.7%
1998
Paul O'Neill
94%
1997
Tino Martinez
94%
1996
Paul O'Neill
94%
2017
Aaron Hicks
94%
2018
Aaron Hicks
94%
2003
Alfonso Soriano
93%
2002
Alfonso Soriano
93%
Year
Player
% Correct
2017
Luis Severino
92.9%
2018
Luis Severino
92.9%
1999
David Cone
92.4%
1997
David Cone
92.4%
2007
Hideki Matsui
90.4%
2005
Hideki Matsui
90.4%
2004
Hideki Matsui
90.4%
2003
David Wells
90.4%
1998
David Wells
90.4%
2016
Gary Sanchez
89.4%
2019
Gio Urshela
89%
2020
Gio Urshela
88.8%
2011
Curtis Granderson
88.4%
2010
Curtis Granderson
88.4%
2016
Masahiro Tanaka
87.7%
2014
Masahiro Tanaka
87.7%
2005
Randy Johnson
87.4%
2015
Didi Gregorius
86.8%
2016
Jacoby Ellsbury
86.4%
2014
Jacoby Ellsbury
86.4%
1998
Scott Brosius
86.1%
2007
Chien-Ming Wang
82.8%
2006
Chien-Ming Wang
82.8%
2004
Gary Sheffield
82.5%
1995
Wade Boggs
82.5%
2008
Johnny Damon
81.8%
2012
Nick Swisher
80.8%
2015
Dellin Betances
78.8%
2014
Dellin Betances
78.8%
1999
Orlando Hernandez
77.8%
2011
David Robertson
76.5%
2020
Clint Frazier
74.3%
2009
A.J. Burnett
74.2%
2019
Mike Tauchman
67.6%
2013
Hiroki Kuroda
58.9%
2012
Hiroki Kuroda
58.9%
2008
Joba Chamberlain
55.3%
1996
Kenny Rogers
49%
2014
Michael Pineda
47.7%
2013
Ivan Nova
47%
1995
Jack McDowell
42.7%
1995
Randy Velarde
41.4%
Quiz Playlist
Details
Report
Send in Message
Add To Playlist
More Info:
Top 5 Yankees players every year since 1995 according to Baseball Reference
Classic:
Type in answers that appear in a list
Quiz Source
Last Updated: Apr 6, 2020
Quiz Scoreboard
CHALLENGE
Sign Up to Join the Scoreboard
Show All
Scores
Hide
Comments
May contain spoilers
Recently Published
One Thing in Common: World Cities II
by knightlancer
Geography
7m
Popular People in 1961
by mucciniale
History
6m
1-10 Letter E Words III
by El_Dandy
Language
2m
More to Explore
Quiz From the Vault
Featured Blog Post
Where Did the Easter Bunny Come From?
hide this ad
You Might Also Like...
Tags
Baseball Quiz
MLB Quiz
Sports Teams Quiz
1995
New York Yankees
Player
position
Season Stat
Top 5
Today's Top Quizzes in Sports
Browse Sports
hide this ad
Today's Top Quizzes in Baseball
Browse Baseball
Top Contributed Quizzes in Sports
1
Les meilleurs buteurs des matchs entre le PSG et l’OM
2
Les entraîneurs de l'OM et du PSG au 21e siècle
3
2022 World Cup Stars
4
FIFA Club World Cup Champions
5
Name the Premier League winners with different clubs
6
La finale Lions - Afrique du Sud 2021
7
Criteria MLB: Left Handed Sluggers
8
Players with Multiple 50 Home Run Seasons
9
MLB Players with Two .350 Batting Average Seasons
10
MLB Hall of Famer by Rings
Explore More
Trending Topics
Marvel
Crossword
Anime
NBA
Harry Potter
Kpop
Disney
Song
NFL
The Office
Puzzle
Country
Pokémon
Soccer
WWE
hide this ad
More By:
lucray1997
Quiz
Plays
Rating
Category
Featured
Created
NBA Champs Big Three
208,658
4.61
Sports
May 8, 2013
MLB 600 Home Run Club
194,255
4.05
Sports
Oct 4, 2009
MLB 2500 Hit Club
38,677
4.34
Sports
Oct 12, 2009
MLB All-Century Team
6,454
4.48
Sports
Nov 17, 2009
Chauncey Billups' Teams
1,905
3.76
Sports
Feb 23, 2011
Go to Creator's Profile
Score Distribution
Quiz Creator Spotlight
lucray1997
Follow
Send a Message
Quizzes Created
-
Created Quiz Play Count
-
More By This Creator
Popular Quizzes Today
1
Find the US States - No Outlines Minefield
2
The Countries of the World
3
Popular People in 1961
4
Find the Countries of Europe - No Outlines Minefield
5
1-10 Letter E Words III
6
Find the US States
7
One Thing in Common: World Cities II
8
US States
More Sports Quizzes
Former Yankees in MLB 2021
Quiz Lab
Trending Quizzes
1-10 Letter F Words
1-10 Letter G Words
Risky Map Clicking: Next State Alphabetically
1-10 Letter F Words II
Risky Map Clicking: States by Unique Starting Letters
Recently Updated
Leaping Animals
pecheneg
Reality TV Shows (A-Z)
bhenderson79
Rickey Henderson's Hall of Fame Teammates
pecheneg
Champions League XIs: Arsenal
pecheneg
Quick Pick: Celebrities in WWE's Hall of Fame
aduchscher
A-Z Keypad Blitz II
pecheneg
Multiple Oscar Actors
pecheneg
Mystery Phrase Blitz: Oscar 'Best Actors'
pecheneg
F. Scott Fitzgerald Novels
LTH
Pick 3 Villains
ddd62291
Trending Topics
NBA
Marvel
Crossword
Harry Potter
Disney
Kpop
Anime
The Office
Pokémon
Country
Song
Puzzle
WWE
NFL
Soccer
Your Account Isn't Verified!
In order to create a playlist on Sporcle, you need to verify the email address you used during registration. Go to your
Sporcle Settings
to finish the process.
Report this User
Report this user for behavior that violates our
Community Guidelines
.
Details:
Send Report
Go to the Sporcle.com Mobile Site →
Comments